Sorpce a koloidní vlastnosti radionuklidů ve vodných roztocích /

Enregistré dans:
Détails bibliographiques
Auteur principal: Kepák, František (Auteur)
Format: Livre
Publié: Praha : Academia, 1985
Tags: Ajouter un tag
Pas de tags, Soyez le premier à ajouter un tag!

MARC

LEADER 00000nam a22000003a 4500
001 stu20140
005 20150617225753.9
008 ------s1985----cs----------------------d
040 |a STU  |b slo 
041 0
044 |a cs 
080 |a 541.28 
100 1 |a Kepák, František  |4 aut 
245 1 |a Sorpce a koloidní vlastnosti radionuklidů ve vodných roztocích /  |c [aut.]Kepák,František 
260 |a Praha :  |b Academia,  |c 1985 
300 |a 171 s :  |b Tab.,grafy,lit.,index 
996 |b C79454  |c C*79454  |l CCII  |s P  |a 0  |w stu20140_0001